Aretha Franklin Quiz - Statistics

General Stats
  • This quiz has been taken 43 times
  • The average score is 8 of 14
Answer Stats
Question Answer % Correct
1968 song "I Say A Little ______" Prayer
91%
She is known by the title "Queen of ____" Soul
89%
She held an impact on the civil rights movement and was friends with which major civil rights activist Martin Luther King Jr.
80%
Word she spells out prior to the lyrics "find out what it means to me" Respect
80%
Her 1967 album "I Never Loved a Man the Way _ ____ ___" I Love You
77%
Her 1972 album "Amazing _____" Grace
71%
Type of woman she says she feels like in a 1968 hit Natural Woman
71%
In 1987 she was the first women inducted into this hall of fame Rock and Roll Hall of Fame
63%
She played Mrs. Murphy in this 1980 action/comedy The Blues Brothers
57%
English singer she collaborated with for the hit "I Knew You Were Waiting" George Michael
54%
U.S. state she was born in Tennessee
43%
Scottish duo she collaborated with for the hit "Sisters Are Doin' It For Themselves" Eurythmics
37%
"A Different World Star" she married in 1978 Glynn Turman
26%
She makes a cameo in the music video for this Whitney Houston song How Will I Know
6%
No matching quizzes found
Score Distribution
Percent of People with Each Score
Percentile by Number Answered
Your Score History
You have not taken this quiz